Ministros de la Gracia: las mujeres en la iglesia primitiva

Spremljeno u:
Bibliografski detalji
Glavni autor: Lang, Judith (Autor)
Format: Knjiga
Jezik:španjolski
Izdano: Madrid Paulinas 1991
Teme:
Oznake: Dodaj oznaku
Bez oznaka, Budi prvi tko označuje ovaj zapis!

MARC

LEADER 00000nam a2200000 a 4500
001 UCX6546
003 CL-VaPUC
008 930721e19910000SP |||||||||||||||||spa|d
082 0 4 |a 270.2  |b LAN  |2 21 
100 0 |a Lang, Judith  |e author  |9 323072 
245 1 0 |a Ministros de la Gracia: las mujeres en la iglesia primitiva 
300 |a 151 p 
942 |c BK 
945 |d 19930721 00:00:00 
260 |a Madrid  |b Paulinas  |c 1991 
600 0 |a Iglesia católica  |9 255129 
650 0 |a Historia  |9 255047 
650 7 |a MUJERES EN LA IGLESIA CATOLICA  |2 CL-VaPUC  |9 309921 
583 |a last modification  |c 19930721 00:00:00  |k Rodrigo Vera 
999 |c 226546  |d 226544 
952 |0 0  |1 0  |4 0  |6 270_200000000000000_LAN_1991  |7 0  |8 A  |9 224996  |a BIBTEO  |b BIBTEO  |d 2019-11-15  |i 2937050  |o 270.2 LAN 1991  |p 2937050  |r 2025-01-17  |w 2019-11-15  |y BK  |k ICR 
952 |0 0  |1 0  |4 0  |6 270_200000000000000_LAN_1991  |7 0  |8 A  |9 224997  |a BIBTEO  |b BIBTEO  |d 2019-11-15  |i 3130398  |o 270.2 LAN 1991  |p 3130398  |r 2025-01-17  |w 2019-11-15  |y BK  |k ICR